El simbolismo en la mitología griega
Guardado en:
| Autor principal: | |
|---|---|
| Formato: | Libro |
| Lenguaje: | español |
| Publicado: |
Madrid
Idea Books
1998
|
| Colección: | Colección Idea Universitaria
|
| Materias: | |
| Etiquetas: |
Agregar Etiqueta
Sin Etiquetas, Sea el primero en etiquetar este registro!
|
MARC
| LEADER | 00000nam a2200000 a 4500 | ||
|---|---|---|---|
| 001 | UCP3145 | ||
| 003 | CL-VaPUC | ||
| 008 | 990611e19980000SP |||||||||||||||||spa|d | ||
| 082 | 0 | 4 | |a 298.02 |b DIE |2 21 |
| 100 | 0 | |a Diel, Paul |e author |9 430306 | |
| 245 | 1 | 3 | |a El simbolismo en la mitología griega |
| 300 | |a 222 p | ||
| 942 | |c BK | ||
| 945 | |d 19990611 00:00:00 |a vberengu | ||
| 260 | |a Madrid |b Idea Books |c 1998 | ||
| 650 | 0 | |a Mitología griega |9 265313 | |
| 650 | 0 | |a Simbolismo |9 267046 | |
| 583 | |a last modification |c 19990611 00:00:00 |k Rodrigo Vera | ||
| 490 | 0 | |a Colección Idea Universitaria | |
| 999 | |c 281570 |d 281568 | ||
| 952 | |0 0 |1 0 |4 0 |6 298_020000000000000_DIE_1998 |7 0 |8 A |9 322412 |a BIBHIS |b BIBHIS |d 2019-11-20 |i 3527638 |o 298.02 DIE 1998 |p 3527638 |r 2025-01-20 |w 2019-11-20 |y BK |k HIS | ||